| 000 | 00517nam a22001937a 4500 | ||
|---|---|---|---|
| 003 | OSt | ||
| 005 | 20150414170004.0 | ||
| 008 | 150414b xxu||||| |||| 00| 0 eng d | ||
| 020 | _a0727909096 | ||
| 040 | _cDNLM | ||
| 082 | _aQV 81 n338 1995 | ||
| 245 |
_aNeuro-Anaesthetic Practice / _cEdited by H Van Aken |
||
| 260 |
_aLondon: _bBMJ Publishing Group; _c1995. |
||
| 300 |
_axii,307 p: _bill; _c25 cm. |
||
| 504 | _aIncludes index. | ||
| 650 |
_aAnaesthesia _9333 |
||
| 700 | _4Editor Aken Van H | ||
| 942 |
_2z _cSLOAN |
||
| 999 |
_c1455 _d1455 |
||